000 00662nam a2200229 4500
001 3603256
003 OSt
005 20160209160222.0
008 710315s1971 mau 001 0 eng
010 _a 71141000
020 _a1256808652
040 _aSEKU
050 0 0 _aQA 303
_b.I56 1971
245 0 0 _aIntroduction to calculus purdue MA 22000
260 _aBoston,
_bHoughton Mifflin
_c[1971]
300 _a2 v.
_c24 cm.
490 0 _aHoughton Mifflin GCMC series
500 _aAlso issued in a one volume combined ed. with title: Introduction to calculus 1 and 2.
650 0 _aCalculus.
700 1 _aWillcox, Alfred B.,
_d1925-
942 _2lcc
_cGEN
999 _c10627
_d10627